000
00256nam a22001097a 4500
082
_a
671.2 FLI'F
100
_a
FLINN, RICHARD A
_9
57357
245
_a
FUNDAMENTALS OF METAL CASTING
260
_a
LONDON
_b
ADDISON WESLEY
_c
1963
300
_a
324P
942
_c
BK
999
_c
567647
_d
567647